High performance through business process management : |b strategy execution in a digital world

Сохранить в:
Библиографические подробности
Формат: Sách
Язык:Undetermined
Опубликовано:  Springer Berlin Heidelberg  2017
Предметы:
Метки: Добавить метку
Нет меток, Требуется 1-ая метка записи!
Thư viện lưu trữ: Trung tâm Thư viện - Trường Đại học Công nghiệp TP. Hồ Chí Minh
LEADER 00495nam a2200133Ia 4500
001 UIH_06511
008 231011s9999 xx 000 0 und d
082 |a  658.5 
245 0 |a  High performance through business process management : |b strategy execution in a digital world 
260 |b  Springer Berlin Heidelberg 
260 |c  2017 
650 |a  Business; Business; Kinh doanh;  
927 |a Sách 
980 |a Trung tâm Thư viện - Trường Đại học Công nghiệp TP. Hồ Chí Minh